000 00622nam a22001937a 4500
999 _c6259
_d6259
003 AR-CdUCM
008 190314b ||||| |||| 00| 0 spa d
040 _aMUNICIPALIDAD PROVINCIAL DEL CUSCO
_cBIBLIOTECA MUNICIPAL DEL CUSCO
082 _a869.56 /
_bP28
100 _aPatrón Manrique, José
_918002
245 _aTradición y Presente :
_bGlosas Rimadas d Puno y su Folklore ;
260 _aLima :
_bGraphos 100 Editores ;
_c1990.
300 _a169 páginas ;
_c20cm
505 _aContenido: Poesía
650 _aPoesía peruana
_911982
650 _aLiteratura peruana
_9169
942 _2ddc
_cLIBROS
945 _anom